| 000 | 00802nam a22003017a 4500 | ||
|---|---|---|---|
| 001 | 000073927 | ||
| 003 | CHAP | ||
| 005 | 20220329141623.0 | ||
| 008 | 971013s r 00010 d | ||
| 010 | _a71162 | ||
| 011 | _a72134 | ||
| 035 | _a81688 | ||
| 040 | _cCHAP | ||
| 090 | _aFolleto 1710 | ||
| 110 | 2 |
_aBanco de México _99829 |
|
| 245 | 1 | 0 | _aPrograma de crédito para estudios de especialización. |
| 260 |
_a(s.l. : _bs.n.), _c(19-?). |
||
| 300 | _a7 h. | ||
| 500 | _aMimeógrafo | ||
| 590 |
_aBATCH-UPD _b10 _c20130110 _lUCH01 _h1115 |
||
| 590 |
_aCONVERSION _b10 _c20130109 _lUCH01 _h1339 |
||
| 590 |
_aE5995AHE _b05 _c20150113 _lUCH01 _h0930 |
||
| 650 | 1 | 4 |
_aBecas. _911116 |
| 901 | _aBK | ||
| 942 | _cFOLL | ||
| 942 | _n0 | ||
| 949 |
_aFolleto 1710 _bBC _cFOLL _d-35254 _eTS1 _i81688 _si |
||
| 999 |
_c71162 _d71162 |
||